Coupe du Monde de Football 1950 (click quiz) - Statistiques

Statistiques générales
  • Ce quiz a été pris 40 fois
  • Le résultat moyen est 7 sur 13
Statistiques - réponses
Hint Réponse % Correct
Paraguay Premier tour
78%
Bolivie Premier tour
78%
Uruguay Vainqueur
75%
Suisse Premier tour
69%
Etats-Unis Premier tour
63%
Mexique Premier tour
63%
Brésil Deuxième
59%
Chili Premier tour
59%
Angleterre Premier tour
59%
Italie Premier tour
47%
Yougoslavie Premier tour
38%
Espagne Quatrième
28%
Suède Troisième
28%
Aucun quiz correspondant
Distribution des résultats
% des personnes avec chaque résultat
Percentile par nombre de réponses
Votre historique - résultats
Vous n’avez pas pris ce quiz